000 00955nas a2200301 4500
001 BR9901769
003 BR-BrBNA
005 20231205101333.0
007 ta
008 230509b bl.|||p| |||| 00| 00por d
040 _aBR-BrBNA
_bpor
_cBiblioteca Nacional de Agricultura
041 _a(Pt)
072 _aJ11; Q04
100 1 _aResende, J.M.
100 1 _aResende, L.V.
100 1 _aResende, F.V.
100 1 _aMaluf, W.R.
100 1 _aChitarra, M.I.F.
245 1 _aQualidade pos-colheita de morangos cultivados sob tunel plastico e com diferentes tipos de cobertura do solo em condicoes de primavera/verao
650 _aMorango
650 _aPropriedade Fisico-Quimica
650 _aQualidade
650 _aPos-Colheita
650 _aMinas Gerais
773 0 _tRevista Brasileira de Fruticultura (Brazil)
_xISSN 0100-2945
_g(1998), v. 20(1) p. 93-99
_wBR9901769
909 _a202311
_bLúcia
_c55
_dLúcia Elande
942 _2AGRIS
_n0
_cANA
999 _c161223
_d161223